000 00286nam a2200121Ia 4500
008 230524s9999 xx 000 0 und d
100 _a"C.M.Krishna, Kang G.Shin"
245 0 _aReal -Time Systems
260 _bTMH
500 _aQuantity Number: 10
650 _aComp-Sc
942 _cBK
999 _c50125
_d50125